[Event "AUTO-OPEN-3196"]
[Site "http://www.queenalice.com/game.php?id=1259333"]
[Date "2014.2.23"]
[Round "1"]
[White "Jonatamachado"]
[Black "jamba"]
[Result "1-0"]
[WhiteElo "2074"]
[BlackElo "1460"]

1. e4 c5 2. Nf3 d6 3. d4 cxd4 4. Nxd4 Bd7 5. Bd3 Nf6 6. O-O g6 7. f4 Bg7 8. c3
Nc6 9. Be3 Rc8 10. f5 h5 11. fxg6 fxg6 12. Nxc6 Bxc6 13. e5 Nd5 14. Bxg6+ Kd7
15. exd6 Kxd6 16. Bf4+ e5 17. Be3 Bh6 18. Bxa7 b6 19. c4 Be3+ 20. Kh1 Qg5 21.
Be4 Ra8 22. Bxb6 Bxb6 23. Bxd5 Ba4 24. Qd3 Bd4 25. Bxa8 Rxa8 26. Nc3 Rg8 27.
Ne4+ Ke7 28. Nxg5 Rxg5 29. Qh7+ Kd6 30. Qh6+ Kc5 31. b4+ Kxb4 32. Rab1+ Kxc4 33.
Qxg5 h4 34. Rfc1+ Kd3 35. Rd1+ Bxd1 36. Rxd1+ 1-0

[Event "AUTO-OPEN-3196"]
[Site "http://www.queenalice.com/game.php?id=1259334"]
[Date "2014.2.23"]
[Round "1"]
[White "jamba"]
[Black "Jonatamachado"]
[Result "0-1"]
[WhiteElo "1475"]
[BlackElo "2096"]

1. d4 Nf6 2. e3 d5 3. Bd3 e6 4. a3 Bd6 5. f4 O-O 6. Nh3 h6 7. g4 c5 8. c4 cxd4
9. g5 Ne4 10. exd4 hxg5 11. fxg5 e5 12. dxe5 Bxh3 13. Qf3 Bxe5 14. Qxh3 g6 15.
cxd5 Nxg5 16. Qe3 Re8 17. O-O Bxh2+ 18. Kxh2 Rxe3 19. Bxe3 Qxd5 20. Bc2 Nc6 21.
Nc3 Qd6+ 22. Kg1 Qe5 23. Rae1 Qg3+ 24. Kh1 Kg7 25. Bf4 Rh8# 0-1

[Event "AUTO-OPEN-3196"]
[Site "http://www.queenalice.com/game.php?id=1259335"]
[Date "2014.2.23"]
[Round "1"]
[White "Jonatamachado"]
[Black "CCapivara"]
[Result "0-1"]
[WhiteElo "2032"]
[BlackElo "2207"]

1. e4 d6 2. d4 Nf6 3. Nc3 c6 4. Bd3 e5 5. Nf3 Bg4 6. dxe5 dxe5 7. O-O Nbd7 8.
Be2 Bb4 9. Bg5 Qc7 10. Bxf6 Nxf6 11. h3 Bh5 12. a3 Bxc3 13. bxc3 Nxe4 14. Qd3
Nf6 15. Qf5 O-O 16. Rfe1 Rfe8 17. Ng5 Bg6 18. Qf3 Bxc2 19. Bd3 Bxd3 20. Qxd3 h6
21. Ne4 Nxe4 22. Qxe4 Rad8 23. Ra2 Qa5 24. c4 Rd4 25. Qe2 Rxc4 26. Qxc4 Qxe1+
27. Kh2 Qa5 28. a4 Qd5 29. Qe2 e4 30. Rd2 Qe5+ 31. g3 e3 32. fxe3 Qxe3 33. Qd1
h5 34. Rg2 h4 35. Qg4 hxg3+ 36. Rxg3 Qe2+ 37. Rg2 Qxg4 38. hxg4 Re4 0-1

[Event "AUTO-OPEN-3196"]
[Site "http://www.queenalice.com/game.php?id=1259336"]
[Date "2014.2.23"]
[Round "1"]
[White "CCapivara"]
[Black "Jonatamachado"]
[Result "1-0"]
[WhiteElo "2200"]
[BlackElo "2045"]

1. e4 e5 2. f4 d5 3. Nf3 dxe4 4. Nxe5 Bd6 5. Bc4 Be6 6. Bxe6 Bxe5 7. Qh5 Nh6 8.
Qxe5 fxe6 9. Qxe4 Qd6 10. Qxb7 Qc6 11. Qxc6+ Nxc6 12. O-O O-O 13. c3 Ne7 14. d4
Nhf5 15. Na3 Nd5 16. Bd2 Rab8 17. Nc4 Nd6 18. Nxd6 cxd6 19. c4 Nf6 20. b3 Rbe8
21. Rae1 a6 22. Bb4 Rf7 23. Bxd6 Rd7 24. c5 Kf7 25. f5 exf5 26. Rxe8 Nxe8 27.
Rxf5+ Kg6 28. Re5 Nxd6 29. Re6+ Kf7 30. Rxd6 Ra7 31. Kf2 a5 32. Ke3 a4 33. b4
Ke7 34. a3 g6 35. Ke4 Kf7 36. c6 Re7+ 37. Kd5 Re2 38. c7 1-0

[Event "AUTO-MASTER-2042"]
[Site "http://www.queenalice.com/game.php?id=1259607"]
[Date "2014.2.24"]
[Round "1"]
[White "Jonatamachado"]
[Black "chessman"]
[Result "0-1"]
[WhiteElo "2098"]
[BlackElo "1974"]

1. e4 e6 2. d4 d5 3. exd5 exd5 4. Nf3 Nf6 5. Nc3 c6 6. Bd3 Be7 7. O-O O-O 8. h3
Nbd7 9. Bf4 Nb6 10. Ne5 Be6 11. Bh2 c5 12. dxc5 Bxc5 13. Ne2 Nbd7 14. Nxd7 Qxd7
15. Nf4 Rac8 16. Nxe6 Qxe6 17. Qf3 Qb6 18. Be5 Bd4 19. Bxd4 Qxd4 20. c3 Qb6 21.
Rab1 Rfe8 22. b3 Ne4 23. Bxe4 dxe4 24. Qf4 Rxc3 25. Rb2 e3 26. fxe3 Qxe3+ 27.
Rbf2 Qxf4 28. Rxf4 f6 29. b4 Rc2 30. R1f2 Ree2 31. Rxe2 Rxe2 32. Rf2 Rxf2 33.
Kxf2 Kf7 34. Ke3 Ke6 35. Kd4 f5 36. g4 fxg4 37. hxg4 g6 38. a4 h5 39. gxh5 gxh5
40. Ke4 Kd6 41. Kf4 Kd5 42. Kg5 Kc4 43. Kxh5 Kxb4 44. a5 Kxa5 45. Kg4 b5 46. Kf3
Kb4 47. Ke3 Kc3 48. Ke2 Kc2 49. Ke3 b4 50. Kd4 b3 51. Kc4 b2 52. Kb4 b1=Q+ 53.
Ka4 Qb6 0-1

[Event "AUTO-MASTER-2042"]
[Site "http://www.queenalice.com/game.php?id=1259608"]
[Date "2014.2.24"]
[Round "1"]
[White "chessman"]
[Black "Jonatamachado"]
[Result "0-1"]
[WhiteElo "1959"]
[BlackElo "2023"]

1. e4 e5 2. Nf3 Nc6 3. Bb5 d6 4. d4 exd4 5. Nxd4 Bd7 6. Nc3 Be7 7. Nxc6 bxc6 8.
Bc4 Nf6 9. O-O O-O 10. Re1 h6 11. Qe2 Be6 12. Bxe6 fxe6 13. e5 dxe5 14. Qxe5 Bd6
15. Qxe6+ Kh7 16. Ne4 Nxe4 17. Qxe4+ Kh8 18. c3 Qf6 19. Be3 Rae8 20. Qg4 c5 21.
a3 a5 22. Qc4 Qf5 23. h3 Rxe3 24. fxe3 Qf2+ 0-1

[Event "AUTO-MASTER-2042"]
[Site "http://www.queenalice.com/game.php?id=1259611"]
[Date "2014.2.24"]
[Round "1"]
[White "Jonatamachado"]
[Black "Lightbug"]
[Result "1-0"]
[WhiteElo "2077"]
[BlackElo "2001"]

1. e4 e6 2. d4 d5 3. e5 c5 4. c3 Nc6 5. Nf3 Qb6 6. b3 Nge7 7. Be3 Nf5 8. Be2 Bd7
9. O-O Rc8 10. dxc5 Bxc5 11. Bxc5 Qxc5 12. Qd3 h6 13. Nbd2 Nfe7 14. c4 Ng6 15.
g3 Ngxe5 16. Nxe5 Nxe5 17. Qc3 dxc4 18. bxc4 O-O 19. Rac1 Rfd8 20. Ne4 Qc7 21.
c5 Bc6 22. Nd6 Rxd6 23. cxd6 Qxd6 24. Rfd1 Qc7 25. Qe3 a6 26. f4 Nd7 27. Bf3 Nb8
28. Rd2 Qa5 29. Rcd1 Bxf3 30. Qxf3 Nc6 31. Rd7 b5 32. f5 Ne5 33. Qb7 Rc2 34.
Qb8+ Kh7 35. Qxe5 Qxa2 36. Qe3 exf5 37. R7d2 Rxd2 38. Rxd2 Qc4 39. Rf2 g6 40.
Qa7 b4 41. Rf4 Qe6 42. Qc5 b3 43. Qb4 Qd5 44. Rf2 Qd1+ 45. Kg2 Qb1 46. Qc4 Qe4+
47. Qxe4 fxe4 48. Rxf7+ Kg8 49. Rb7 g5 50. Rxb3 1-0

[Event "AUTO-MASTER-2042"]
[Site "http://www.queenalice.com/game.php?id=1259612"]
[Date "2014.2.24"]
[Round "1"]
[White "Lightbug"]
[Black "Jonatamachado"]
[Result "0-1"]
[WhiteElo "1985"]
[BlackElo "2084"]

1. d4 Nf6 2. c4 e6 3. Nf3 Be7 4. Nc3 O-O 5. e4 b6 6. Bd3 Bb7 7. O-O h6 8. Bf4 d6
9. Re1 a6 10. e5 dxe5 11. dxe5 Nfd7 12. Rc1 Nc5 13. Be2 Nc6 14. a3 f6 15. exf6
Rxf6 16. Qxd8+ Bxd8 17. Rcd1 Rxf4 18. b4 Ne4 19. Nxe4 Rxe4 20. Bd3 Rxe1+ 21.
Rxe1 Na7 22. Nd4 Bf6 23. Nxe6 Re8 24. Bf5 Bc8 25. Bh3 Bxe6 26. Bxe6+ Kf8 27. f4
Nc6 0-1

[Event "AUTO-ADV-2899"]
[Site "http://www.queenalice.com/game.php?id=1263436"]
[Date "2014.3.9"]
[Round "2"]
[White "Jonatamachado"]
[Black "gacer"]
[Result "0-1"]
[WhiteElo "2014"]
[BlackElo "2060"]

1. e4 c5 2. Nf3 d6 3. Bc4 Nf6 4. Nc3 e6 5. O-O Be7 6. d4 cxd4 7. Nxd4 O-O 8. f4
Nc6 9. Be3 a6 10. Bd3 Bd7 11. h3 Nxd4 12. Bxd4 Bc6 13. e5 dxe5 14. Bxe5 Qb6+ 15.
Kh1 Rad8 16. Qe1 Nd7 17. Ne4 Nxe5 18. fxe5 Qxb2 19. Qg3 Kh8 20. Ng5 Bxg5 21.
Qxg5 f6 22. exf6 gxf6 23. Qh6 f5 24. Qxe6 Rxd3 25. Rac1 Rxh3+ 26. Kg1 Qd4+ 27.
Rf2 Bxg2 28. Kxg2 Qg4+ 29. Kf1 Rh1# 0-1

[Event "AUTO-ADV-2899"]
[Site "http://www.queenalice.com/game.php?id=1263437"]
[Date "2014.3.9"]
[Round "2"]
[White "gacer"]
[Black "Jonatamachado"]
[Result "1-0"]
[WhiteElo "2045"]
[BlackElo "2029"]

1. e4 e5 2. Nf3 Nc6 3. Bb5 d6 4. d4 Bd7 5. Nc3 Nf6 6. O-O Be7 7. Re1 exd4 8.
Nxd4 Nxd4 9. Qxd4 Bxb5 10. Nxb5 c5 11. Qd3 O-O 12. Bf4 b6 13. Nxd6 Bxd6 14. Bxd6
Re8 15. Rad1 Ng4 16. Qg3 Nf6 17. e5 Nd7 18. f4 Qc8 19. f5 f6 20. e6 Nb8 21. Re4
Nc6 22. Rg4 Qb7 23. Bc7 Re7 24. Rd7 Rxd7 25. exd7 Ne5 26. Rxg7+ Kf8 27. Bd6# 1-0

[Event "AUTO-ADV-2899"]
[Site "http://www.queenalice.com/game.php?id=1263438"]
[Date "2014.3.9"]
[Round "2"]
[White "Jonatamachado"]
[Black "gopre"]
[Result "0-1"]
[WhiteElo "2065"]
[BlackElo "1997"]

1. e4 c5 2. Nf3 d6 3. d4 cxd4 4. Nxd4 Nf6 5. Bd3 Nc6 6. c3 g6 7. O-O Bg7 8. Be3
O-O 9. Nd2 Ng4 10. Bf4 Nxd4 11. cxd4 Bxd4 12. Rb1 Qb6 13. Bg3 Ne5 14. Nf3 Nxd3
15. Qxd3 Bg7 16. e5 Bf5 17. Qe2 Bxb1 18. Rxb1 d5 19. Ng5 h6 20. Nf3 Qa6 21. Qd2
Qxa2 22. Rd1 Rac8 23. e6 fxe6 24. Ne5 Kh7 25. Qe2 Qa4 26. h3 Rc2 27. Rd2 Rc1+
28. Kh2 Qa1 29. Bh4 Re1 30. Qb5 Bxe5+ 31. g3 Rh1+ 0-1

[Event "AUTO-ADV-2899"]
[Site "http://www.queenalice.com/game.php?id=1263439"]
[Date "2014.3.9"]
[Round "2"]
[White "gopre"]
[Black "Jonatamachado"]
[Result "1-0"]
[WhiteElo "2016"]
[BlackElo "2046"]

1. e4 e5 2. Nf3 Nc6 3. Bb5 d6 4. d4 exd4 5. Nxd4 Bd7 6. Nc3 Nxd4 7. Bxd7+ Qxd7
8. Qxd4 O-O-O 9. Qxa7 Qc6 10. O-O Nf6 11. Bg5 Be7 12. Rfe1 h6 13. Nd5 Rhe8 14.
Bxf6 Bxf6 15. c3 Kd7 16. Nxf6+ gxf6 17. Qe3 Kc8 18. Qxh6 Re6 19. Qh7 Qd7 20. h3
Rde8 21. a4 d5 22. Rad1 Qe7 23. Rxd5 Rxe4 24. Rxe4 Qxe4 25. Qxf7 b6 26. a5 Kb7
27. axb6 Kxb6 28. Qxf6+ c6 29. Rg5 Re6 30. Qd8+ Kb7 31. Rg7+ Ka6 32. Qc8+ Kb6
33. Qb8+ Kc5 34. Rg5+ 1-0

[Event "Challenge"]
[Site "http://www.queenalice.com/game.php?id=1273690"]
[Date "2014.4.17"]
[Round "-"]
[White "Zugswang"]
[Black "Jonatamachado"]
[Result "1-0"]
[WhiteElo "2210"]
[BlackElo "2076"]

1. e4 e5 2. f4 exf4 3. Nf3 d6 4. Bc4 Be6 5. Qe2 Be7 6. O-O Nc6 7. d4 Bxc4 8.
Qxc4 Nf6 9. Nc3 a6 10. Bxf4 O-O 11. b4 h6 12. d5 Nb8 13. a4 Nbd7 14. e5 dxe5 15.
Nxe5 1-0